000 01799cam a2200433 a 4500
001 14989230
003 ARRUPE
005 20140220140418.0
008 070831s2007 enk b 001 0 eng d
010 _a 2007279252
015 _aGBA750727
_2bnb
016 7 _a013782750
_2Uk
020 _a9780521698382 (pbk.)
020 _a0521698383 (pbk.)
020 _a9780521875455 (cased)
020 _a0521875455 (cased)
035 _a(OCoLC)ocn148691100
040 _aUKM
_cUKM
_dBTCTA
_dYDXCP
_dBAKER
_dTXA
_dDLC
042 _aukscp
_alccopycat
050 0 0 _aBS1455
_b.F58 2007
082 0 4 _a230
_222
100 1 _aFord, David,
_d1948-
_98829
245 1 0 _aChristian wisdom :
_bdesiring God and learning in love /
_cDavid F. Ford.
260 _aCambridge ;
_aNew York :
_bCambridge University Press,
_c2007.
300 _axiv, 412 p. ;
_c23 cm.
440 0 _aCambridge studies in Christian doctrine ;
_v16
_98830
504 _aIncludes bibliographical references and indexes.
630 0 0 _aBible
_xCriticism, interpretation, etc.
_98831
650 0 _aWisdom literature
_xCriticism, interpretation, etc.
_98832
650 0 _aGod (Christianity)
_xWisdom.
_98833
650 0 _aWisdom (Biblical personification)
_98834
650 0 _aWisdom
_xReligious aspects
_xChristianity.
_98835
856 4 2 _3Contributor biographical information
_uhttp://www.loc.gov/catdir/enhancements/fy0729/2007279252-b.html
856 4 2 _3Publisher description
_uhttp://www.loc.gov/catdir/enhancements/fy0729/2007279252-d.html
856 4 1 _3Table of contents only
_uhttp://www.loc.gov/catdir/enhancements/fy0729/2007279252-t.html
906 _a7
_bcbc
_ccopycat
_d2
_encip
_f20
_gy-gencatlg
942 _2lcc
_cMONOGRAPH
999 _c120122
_d120122